[Event "Memorial Jorge Szmetan 2017"]
[Site "Buenos Aires"]
[Date "2017.04.26"]
[Round "10"]
[White "Morovic Fernandez, Ivan"]
[Black "Pichot, Alan"]
[Result "1/2-1/2"]
[WhiteElo "2527"]
[BlackElo "2556"]
[Annotator "TA"]
[PlyCount "107"]
[EventDate "2017.04.17"]
[EventType "tourn"]
[EventCountry "ARG"]
[SourceTitle "playchess.com"]
[Source "ChessBase"]
[SourceQuality "1"]

{[%evp 14,107,0,0,28,29,39,37,49,54,50,28,38,34,22,26,58,38,29,33,32,0,19,-49,-46,-64,-25,-51,-17,-71,-71,-72,-69,-75,-72,-66,-85,-71,-58,-111,-83,-101,-80,-74,-62,-143,-118,-303,-308,-312,-52,-106,-58,-145,-144,-149,-62,-66,-65,-65,-62,-67,-61,-77,-63,-107,-26,-118,-20,-262,-262,-260,-259,-224,-19,-38,-14,-14,0,0,0,0,0,0,0,0,0,0,0,0,0,0,0,0,0,0]} 1. d4 Nf6 2. Nf3 g6 3. Nbd2 Bg7 4. e4 d6 5. c3 O-O 6. Bd3 c5 7. O-O cxd4 8. cxd4 Nc6 {B07: Pirc Defence: Miscellaneous Systems} 9. Re1 (9. h3 Nh5 10. Nb3 e5 11. Bg5 Qb6 12. d5 Nb4 13. Be3 Qd8 14. Bc4 a5 15. Nbd2 Bd7 16. a3 {½-½ (89) Fedoseev,V (2674)-Kokarev,D (2638) Sochi 2015}) 9... e5 10. d5 Ne7 {White is slightly better.} 11. Nc4 b5 $146 (11... Ne8 12. Qb3 Kh8 13. Bd2 f5 14. Bb4 b5 15. Na5 Qb6 16. Rac1 fxe4 17. Bxe4 {0-1 (43) Mateuta,G (2520)-Fedorov,A (2555) Calimanesti 2014}) 12. Ncd2 Bd7 13. a4 a6 14. Nb1 Qb6 15. axb5 axb5 16. Rxa8 Rxa8 17. Bg5 h6 18. Bh4 (18. Be3 $11 Qb7 19. Bd2) 18... g5 $15 19. Bg3 Ng6 20. Na3 Nf4 21. Bf1 (21. Bxf4 $1 $11 exf4 22. h3) 21... Ra4 $17 22. Nd2 h5 23. h4 gxh4 24. Bxh4 Ng4 $36 {[%mdl 2048] Hoping for ...Bf6. Black is in control.} 25. Nf3 Ng6 26. Qc2 (26. Bg3 $15) 26... Nxh4 27. Nxh4 Bf6 28. Nf3 Bd8 29. g3 ({White should try} 29. Nh2 $15) 29... Qa5 30. Kg2 $2 (30. Bd3 $17) 30... Bb6 $19 31. Re2 Qa8 $2 (31... Bxf2 $1 $19 32. Qc1 Ba7) 32. Qd2 ({Better is} 32. Qc1 $15) 32... Qd8 33. Nc2 (33. Nh4 $1 $15) 33... Qf6 $17 34. Nh4 Bxf2 (34... Ra2 $1 $17 {[%cal Ra2b2]} 35. Ne1 Bxf2 36. Rxf2 Nxf2 37. Qxf2 Bh3+ $1 {[%mdl 512]} 38. Kg1 Qxf2+ 39. Kxf2 Rxb2+ 40. Be2 Ra2) 35. Rxf2 $15 Nxf2 36. Qxf2 Qxf2+ 37. Kxf2 Ra2 $1 38. Ne3 Rxb2+ 39. Ke1 $1 b4 40. Bd3 {[#]} (40. Nf3 $1 $11) 40... b3 ({Black should play} 40... Ra2 $1 $17 41. Nhf5 Bxf5 42. Nxf5 b3 43. Nxd6 b2) 41. Nhf5 $2 (41. Nf3 $1 $11) 41... Bxf5 $1 $19 42. Nxf5 Rg2 43. Kd1 {[#]} b2 $2 (43... Rg1+ $1 $19 44. Kd2 b2) 44. Bb1 $1 $11 Kf8 45. Ba2 $1 {The position is equal.} Rg1+ 46. Kc2 Re1 $1 47. Nxd6 Re3 48. Nf5 ({Don't play} 48. Kxb2 Rxg3 49. Nf5 Rg2+ 50. Ka3 Rh2 $17) 48... Rxe4 49. Kxb2 Re2+ 50. Kb3 Rd2 51. d6 e4 {next ...e3! is good for Black.} 52. Bb1 e3 $1 {[%cal Re3e2] White must now prevent ...e2.} 53. Nxe3 {Strongly threatening Nf5.} Rxd6 54. Kc3 1/2-1/2

[Event "Memorial Jorge Szmetan 2017"]
[Site "Buenos Aires"]
[Date "2017.04.26"]
[Round "10"]
[White "Sosa, Tomas"]
[Black "Hoffman, Alejandro"]
[Result "1/2-1/2"]
[WhiteElo "2459"]
[BlackElo "2488"]
[Annotator "TA"]
[PlyCount "37"]
[EventDate "2017.04.17"]
[EventType "tourn"]
[EventCountry "ARG"]
[SourceTitle "playchess.com"]
[Source "ChessBase"]
[SourceQuality "1"]

{[%evp 22,37,-28,-33,-28,-31,-41,-33,9,-46,-43,-41,-39,-44,0,0,8,-72]} 1. e4 e5 2. Nf3 Nc6 3. Bb5 Nf6 4. O-O d6 5. Re1 Bd7 6. c3 Be7 7. d4 O-O 8. Nbd2 Nxd4 9. cxd4 Bxb5 {C66: Ruy Lopez: Steinitz Defence} 10. Qb3 c6 11. dxe5 dxe5 12. Nxe5 {LiveBook: 3 Games} Nd7 13. Ndf3 Nc5 $146 (13... Nxe5 14. Nxe5 Qd6 15. Bf4 Qe6 16. Qg3 Rad8 17. a4 {1-0 (36) Sznapik,A (2440)-Jacobsen,B (2315) Copenhagen 1982}) 14. Qc3 a5 15. Bf4 (15. Be3 $11 Nxe4 16. Qc2) 15... Ne6 $15 16. Rad1 Qc8 17. Qc1 Nxf4 18. Qxf4 c5 19. Rd5 (19. Ng4 $11) 1/2-1/2

[Event "Memorial Jorge Szmetan 2017"]
[Site "Buenos Aires"]
[Date "2017.04.26"]
[Round "10"]
[White "Darcyl, Tomas"]
[Black "Slipak, Sergio"]
[Result "1/2-1/2"]
[WhiteElo "2405"]
[BlackElo "2465"]
[Annotator "TA"]
[PlyCount "28"]
[EventDate "2017.04.17"]
[EventType "tourn"]
[EventCountry "ARG"]
[SourceTitle "playchess.com"]
[Source "ChessBase"]
[SourceQuality "1"]

{[%evp 21,28,31,36,38,38,35,38,37,41]} 1. Nf3 Nf6 2. b3 b6 3. Bb2 Bb7 4. e3 g6 5. c4 Bg7 6. Be2 O-O 7. O-O c5 8. Nc3 d6 9. d4 Ne4 10. Nxe4 Bxe4 11. Qd2 Nd7 {White is slightly better.} 12. d5 {E61: King's Indian: Early deviations for White, including Smyslov System} (12. Rfd1 a5 13. Ng5 Bb7 14. Bf3 Bxf3 15. Nxf3 Qc7 16. a4 e6 17. dxc5 Nxc5 18. Bxg7 Kxg7 19. Qb2+ Kg8 {½-½ (92) Westerberg,J (2498)-Fernandez,D (2462) Vaxjo 2016}) 12... Bxb2 13. Qxb2 Bxf3 14. Bxf3 Rb8 $146 (14... Qc7 15. Be2 Rfb8 16. Rfd1 a6 17. a4 Qd8 18. f4 Qf8 19. Ra2 Nf6 {½-½ (48) Giffard,N (2303)-Mensch,E (2380) France 2002}) 1/2-1/2

[Event "Memorial Jorge Szmetan 2017"]
[Site "Buenos Aires"]
[Date "2017.04.27"]
[Round "11"]
[White "Mareco, Sandro"]
[Black "Sosa, Tomas"]
[Result "1-0"]
[WhiteElo "2655"]
[BlackElo "2459"]
[Annotator "TA"]
[PlyCount "89"]
[EventDate "2017.04.17"]
[EventType "tourn"]
[EventCountry "ARG"]
[SourceTitle "playchess.com"]
[Source "ChessBase"]
[SourceQuality "1"]

{[%evp 17,89,52,61,63,80,62,68,57,62,58,62,71,67,59,60,52,77,71,130,94,119,100,120,134,123,106,123,131,184,170,193,172,187,169,179,174,187,123,145,130,259,265,256,162,265,261,273,207,212,211,199,204,273,263,406,340,501,497,507,505,475,452,903,852,975,788,1614,1583,1416,1412,1248,1064,837,745]} 1. Nf3 Nf6 2. c4 g6 3. Nc3 Bg7 4. e4 d6 5. d4 O-O 6. Be2 e5 7. O-O Nbd7 8. Be3 Re8 9. d5 Nh5 10. g3 {E94: King's Indian: Classical: 6 Be2 e5 7 0-0: Various Black 7th moves} Bf8 11. Ne1 Ng7 12. Nd3 {White is slightly better.} f5 13. f3 Be7 14. Qd2 Nf6 15. c5 fxe4 16. fxe4 Bh3 17. Rf2 h5 ({Black should try} 17... Ng4) 18. b4 $146 Nh7 19. Bf1 Ng5 20. Bg2 Bg4 21. h4 {[%cal Bh2h4,Bh4g5,Bg5g6][%mdl 32]} Nh7 22. Raf1 g5 {[#]} (22... Rf8 $16 23. Rxf8+ Bxf8) 23. Rf7 $1 $18 Rf8 24. Rxf8+ Bxf8 25. hxg5 Be7 {[#]} 26. g6 $1 $36 {[%cal Rg6h7][%mdl 2048] Keeping Black busy.} Nf8 27. c6 (27. cxd6 cxd6 28. Bf3 (28. Qf2 Nxg6 29. Bf3 Bh3 $16) 28... Bxf3 $16) (27. Nf2 $18) 27... b6 $16 28. Nf2 Nxg6 (28... Bc8 $16 29. Nh3 Nxg6) 29. Nxg4 $18 hxg4 30. Qf2 {Strongly threatening Qf7+.} Kh7 (30... Nh8 {might work better.} 31. a4 Bg5) 31. Nd1 ({Much less strong is} 31. Qf7 $6 Nh8 32. Qf2 Bg5 $16) 31... Qc8 32. Qe2 ({Resist} 32. Qf7 $6 Qf8 33. Qf2 Qxf2+ 34. Nxf2 (34. Rxf2 Nh5 $14) (34. Kxf2 Rf8+ 35. Ke1 Kg8 $16) 34... Nh5 $16) 32... Nh5 33. Rf7+ Kh8 34. Qf2 {aiming for Qf5.} Qg8 35. Bh6 Bf8 (35... Re8 $142 36. Ne3 Nf8 37. Nxg4 Nh7) 36. Rf5 {[%cal Bf7f5,Bf5h5,Bh5h6][%mdl 32]} Bxh6 (36... Nxg3 $142 37. Rxf8 (37. Qxg3 Bxh6 38. Rh5 Qh7 $11) 37... Nxf8) 37. Rxh5 {White is clearly winning.} Kg7 38. Ne3 Bxe3 39. Qxe3 Kf7 (39... Kf8 $142 40. Qg5 Qf7) 40. Qg5 {Hoping for Qf5+.} Rf8 41. Rh6 Ne7 42. Qh5+ Kg7 43. Re6 Qf7 44. Qh6+ Kg8 45. Qg5+ 1-0

[Event "Memorial Jorge Szmetan 2017"]
[Site "Buenos Aires"]
[Date "2017.04.27"]
[Round "11"]
[White "Pichot, Alan"]
[Black "Granda Zuniga, Julio E"]
[Result "1-0"]
[WhiteElo "2556"]
[BlackElo "2658"]
[Annotator "TA"]
[PlyCount "81"]
[EventDate "2017.04.17"]
[EventType "tourn"]
[EventCountry "ARG"]
[SourceTitle "playchess.com"]
[Source "ChessBase"]
[SourceQuality "1"]

{[%evp 15,81,40,77,55,87,31,68,49,91,69,95,90,97,97,90,100,120,147,139,135,115,114,140,75,75,46,65,6,15,14,45,28,27,0,0,0,24,24,24,24,24,24,64,14,152,154,506,506,497,499,481,487,472,422,806,805,791,785,729,750,733,728,707,565,710,571,856,813]} 1. e4 c6 2. d4 d5 3. e5 Bf5 4. Nf3 e6 5. Be2 Ne7 6. O-O Nd7 7. a4 {[%cal Ba2a4,Ba4a5,Ba5a6][%mdl 32] B12: Caro-Kann: Advance Variation} h6 8. a5 g5 {LiveBook: 5 Games} 9. a6 {White is better.} b5 $146 ({Predecessor (8):} 9... b6 10. Ne1 Rg8 11. c3 f6 12. Bh5+ Bg6 13. f4 gxf4 14. Bxf4 fxe5 15. dxe5 {½-½ (42) Zautzig,H (2555)-Papenin,N (2630) ICCF email 2010}) 10. Ne1 (10. Nbd2 $16) 10... Bg6 11. c3 Qb6 12. Nd2 Bg7 13. Nb3 Nf5 14. Nd3 Bf8 15. f4 c5 16. dxc5 (16. fxg5 c4 $15) 16... Nxc5 17. Ndxc5 Bxc5+ 18. Nxc5 Qxc5+ {[#]} 19. Kh1 ({White should try} 19. Rf2 $1) 19... h5 $16 {[%cal Bh6h5,Bh5h4][%mdl 32] Black wants to play ...h4.} 20. fxg5 h4 $1 {And now ...Ng3+! would win.} 21. Rxf5 (21. h3 $14) 21... Bxf5 $11 ({Much worse is} 21... exf5 $6 22. Qd3 $16) 22. Qg1 Qxg1+ 23. Kxg1 b4 24. Be3 bxc3 $1 25. bxc3 O-O 26. Ra4 Rfc8 27. Bd4 $1 Rc7 28. Rb4 {Black must now prevent Rb7.} Rac8 29. Rb7 Kg7 (29... Rxb7 $1 $11 30. axb7 Rb8) 30. Rxa7 $16 (30. Bxa7 Rxc3 31. Rb2 Bd3 32. Bxd3 Rxd3 $17) 30... Rxc3 $2 {[#]} (30... Rxa7 $16 {is more resistant.} 31. Bxa7 Bc2) 31. Bxc3 $18 {White is clearly winning.} Rxc3 $16 {[%mdl 4096] Endgame KRB-KRB} 32. Rd7 Ra3 {and the idea ...Bd3 leaves Black hopeful.} 33. a7 Be4 34. Bh5 d4 (34... Bg6 $142) 35. Rxf7+ $18 Kg8 36. Rd7 Ra1+ 37. Kf2 Ra2+ 38. Ke1 Ra1+ 39. Kd2 Ra2+ 40. Kc1 Rxg2 41. Rxd4 1-0

[Event "Memorial Jorge Szmetan 2017"]
[Site "Buenos Aires"]
[Date "2017.04.27"]
[Round "11"]
[White "Hoffman, Alejandro"]
[Black "Morovic Fernandez, Ivan"]
[Result "0-1"]
[WhiteElo "2488"]
[BlackElo "2527"]
[Annotator "TA"]
[PlyCount "74"]
[EventDate "2017.04.17"]
[EventType "tourn"]
[EventCountry "ARG"]
[SourceTitle "playchess.com"]
[Source "ChessBase"]
[SourceQuality "1"]

{[%evp 11,74,0,2,0,11,0,0,0,47,21,43,0,12,4,5,-8,0,-27,-9,-21,-25,-43,-31,-22,-12,-21,-18,-26,0,0,0,-29,-20,-31,-45,-53,-41,-118,-82,-89,-64,-95,-57,-56,-56,-79,-87,-89,-57,-63,-50,-103,-50,-69,-86,-85,-62,-456,-462,-696,-718,-731,-718,-29986,-29987]} 1. d4 Nf6 2. c4 e6 3. Nc3 Bb4 4. Nf3 c5 5. g3 cxd4 6. Nxd4 Ne4 7. Bd2 {E20: Nimzo-Indian: 4 g3 and 4 f3} (7. Qc2 $5 {feels hotter.} Nxc3 8. bxc3 Be7 9. Bg2 O-O 10. O-O) (7. Qc2 Qa5 8. Bg2 Nxc3 9. O-O Nc6 10. bxc3 Bxc3 11. Nb3 Nd4 12. Nxd4 Bxd4 13. Rb1 d6 14. Bb2 Bxb2 15. Qxb2 {0-1 (90) Carlsen,M (2855)-Caruana,F (2804) Leuven 2016}) 7... Bxc3 8. Bxc3 (8. bxc3 $5 {seems wilder.} e5 9. Nb3 Qc7 10. Bg2 Qxc4 11. Na5) 8... Nxc3 9. bxc3 {The position is equal.} a6 10. Bg2 Qc7 11. Qb3 d6 $1 12. O-O Nd7 13. Rab1 O-O 14. f4 $146 (14. Nc2 Rb8 {½-½ (54) Nolte,R (2479)-Ghaem Maghami,E (2593) Subic Bay 2009}) 14... Rd8 15. Kh1 Nc5 16. Qd1 Bd7 17. f5 e5 18. Nc2 Bc6 $36 {[%mdl 2048] Black has good play.} 19. Ne3 f6 20. Nd5 Qf7 21. g4 Kh8 22. Rb6 Rac8 23. Qd2 e4 24. Nf4 ({White should try} 24. Rb4 $15) 24... Qxc4 25. Rb4 Qf7 26. Rd4 Qe7 27. Qe3 Kg8 28. Rfd1 b5 {[%cal Bb7b5,Bb5b4][%mdl 32]} 29. h4 Bb7 30. c4 b4 31. Bh3 (31. Kh2 $15) 31... Nd3 (31... Qe5 $17 32. Rg1 a5) 32. Nd5 ({Don't take} 32. Ne6 $2 {[#]} Nf2+ $1 {[%mdl 512]} 33. Qxf2 e3+ 34. Qg2 Bxg2+ $19) 32... Bxd5 $1 33. cxd5 Nb2 34. Rg1 $2 {[%mdl 8192]} ({Better is} 34. Rc1 $15 Rxc1+ 35. Qxc1) 34... Rc3 $19 35. Qd2 (35. Qxe4 $142 Rxh3+ 36. Kg2) 35... Rxh3+ 36. Kg2 Rxh4 {[#] aiming for ...Qe5.} 37. Kg3 Qe5+ 0-1

[Event "Memorial Jorge Szmetan 2017"]
[Site "Buenos Aires"]
[Date "2017.04.27"]
[Round "11"]
[White "Slipak, Sergio"]
[Black "Flores, Diego"]
[Result "1/2-1/2"]
[WhiteElo "2465"]
[BlackElo "2568"]
[Annotator "TA"]
[PlyCount "40"]
[EventDate "2017.04.17"]
[EventType "tourn"]
[EventCountry "ARG"]
[SourceTitle "playchess.com"]
[Source "ChessBase"]
[SourceQuality "1"]

{[%evp 21,40,38,47,16,1,14,17,-20,0,-25,0,0,15,23,55,66,118,95,99,112,112]} 1. d4 Nf6 2. c4 c5 3. d5 e6 4. Nc3 exd5 5. cxd5 d6 6. Nf3 g6 7. Bg5 h6 8. Bh4 Bg7 9. e3 O-O 10. Nd2 Na6 11. Be2 {A61: Modern Benoni: Nf3 without early e4} (11. e4 Nc7 12. a4 Rb8 13. Bd3 a6 14. a5 Bd7 15. O-O Bb5 16. Qf3 b6 17. axb6 Rxb6 18. Ra2 Qe7 19. Nxb5 axb5 20. b3 Rfb8 21. Qe2 {½-½ (21) Akobian,V (2600)-Antic,D (2505) Ledyards 2006}) 11... Nc7 {LiveBook: 7 Games} 12. e4 b5 13. O-O $146 {The position is equal.} (13. Bxb5 Rb8 14. Bd3 g5 15. Bg3 Rxb2 {1-0 (29) Akobian,V (2417)-Khruschiov,A (2281) Moscow 2000}) 13... b4 14. Na4 Re8 {[#] aiming for ...g5.} 15. Bd3 Bd7 16. a3 bxa3 17. Rxa3 ({Much worse is} 17. bxa3 g5 18. Bg3 c4 19. Nxc4 Nxe4 $17) 17... Rb8 18. Nc3 Bb5 (18... Nb5 $14) 19. Nxb5 $16 Nxb5 20. Ra6 Nc7 1/2-1/2

[Event "Memorial Jorge Szmetan 2017"]
[Site "Buenos Aires"]
[Date "2017.04.27"]
[Round "11"]
[White "Garcia Palermo, Carlos"]
[Black "Darcyl, Tomas"]
[Result "1/2-1/2"]
[WhiteElo "2450"]
[BlackElo "2405"]
[Annotator "TA"]
[PlyCount "99"]
[EventDate "2017.04.17"]
[EventType "tourn"]
[EventCountry "ARG"]
[SourceTitle "playchess.com"]
[Source "ChessBase"]
[SourceQuality "1"]

{[%evp 9,99,35,25,35,30,0,18,28,53,45,58,36,63,61,77,66,61,72,94,22,80,68,88,78,110,76,70,42,67,89,87,26,55,12,27,0,0,0,0,0,93,85,85,90,93,93,97,89,100,100,100,100,100,90,134,98,92,92,94,85,85,50,51,58,72,13,74,75,218,67,89,8,8,8,225,233,412,115,115,115,115,115,115,81,191,8,8,8,8,8,8,8]} 1. d4 Nf6 2. c4 g6 3. f3 d5 4. cxd5 Nxd5 5. e4 Nb6 6. Be3 {D70: Grünfeld: Unusual White 3rd moves (met by ...d5)} ({Relevant:} 6. Nc3 Bg7 7. Be3 O-O 8. Qd2 Nc6 9. O-O-O Qd6 10. Nb5 Qd7 11. Kb1 Rd8 12. d5 a6 13. Nc3 Qe8 14. Qc1 Na5 15. Bf4 Rd7 16. Bh6 Bxh6 17. Qxh6 {½-½ (31) Nakamura,H (2787)-So,W (2794) Douglas 2016}) 6... Bg7 7. Qd2 c6 8. Nc3 Be6 9. O-O-O Bc4 {Black wants to play ...Bxf1.} 10. Nge2 Qd6 $146 ({Predecessor:} 10... N8d7 11. Bh6 Bxh6 12. Qxh6 Qc7 13. b3 Bxe2 14. Bxe2 {1-0 (49) Quiroga,F (2440)-Palmisano,J La Carlota 1995}) 11. b3 Qa3+ 12. Qb2 $1 {[%cal Rb2a3]} Qxb2+ 13. Kxb2 Ba6 14. f4 ({Better is} 14. h4 $16) 14... O-O (14... f5 $11) 15. g4 $16 N8d7 16. Bg2 Rac8 17. Ng3 c5 18. d5 Bxc3+ 19. Kxc3 c4 20. Kb2 (20. Kb4 $16) 20... Nc5 $11 21. Bxc5 Rxc5 ({But not} 21... c3+ $6 22. Kxc3 Rxc5+ 23. Kb2 $16) 22. e5 cxb3 23. axb3 Rfc8 {Strongly threatening ...Rc2+.} 24. Rc1 {[#]} Bd3 (24... Bc4 $1 $11 {[%mdl 512] keeps the balance.} 25. bxc4 Nxc4+ 26. Kb1 Rb5+ 27. Ka1 Ra5+ 28. Kb1 Rb5+ 29. Ka1 Ra5+ 30. Kb1 Rb5+) 25. Rxc5 $16 Rxc5 26. Rc1 Rxc1 27. Kxc1 {[%mdl 4096] Endgame KBN-KBN} Nd7 28. Kd2 Ba6 29. Ne4 b6 30. Kc3 Kf8 31. Kd4 h6 32. g5 hxg5 33. fxg5 ({Of course not} 33. Nxg5 Nc5 $11) 33... Be2 34. Nc3 Bg4 35. Bf1 Nc5 36. Bc4 a5 37. d6 (37. Na4 $16 Nxa4 38. bxa4) 37... exd6 (37... Bd7 $11) 38. exd6 Bf3 {[#]} (38... Bd7 $16) 39. h4 $2 ({White should play} 39. Na4 $1 $18) 39... Bc6 $14 40. Na2 (40. Nb1 $16) 40... Ke8 $11 41. b4 axb4 $2 (41... Ne4 $11 {and Black has nothing to worry.}) 42. Nxb4 $18 Bb7 $2 (42... Ba4 43. Nd5 Nd7 44. Nc7+ Kf8) 43. Nd5 $2 (43. Nd3 $18 {and the rest is easy.}) 43... Bxd5 $16 44. Kxd5 {KB-KN} Nd7 45. Be2 Kd8 46. Kc6 {Threatens to win with h5.} f6 47. Kd5 $2 ({White has to play} 47. gxf6 $18 {And now Bd3 would win.} Nxf6 48. Bd3 (48. Kxb6 Kd7 $11)) 47... fxg5 $1 $11 {The position is equal.} 48. hxg5 Nf8 49. Bd3 Nh7 50. Bxg6 1/2-1/2

[Event "Memorial Jorge Szmetan 2017"]
[Site "Buenos Aires"]
[Date "2017.04.27"]
[Round "11"]
[White "Van Riemsdijk, Herman C"]
[Black "Bachmann, Axel"]
[Result "1/2-1/2"]
[WhiteElo "2318"]
[BlackElo "2646"]
[Annotator "TA"]
[PlyCount "58"]
[EventDate "2017.04.17"]
[EventType "tourn"]
[EventCountry "ARG"]
[SourceTitle "playchess.com"]
[Source "ChessBase"]
[SourceQuality "1"]

{[%evp 21,58,7,6,10,14,-28,26,11,26,26,16,16,40,23,66,66,218,0,26,0,0,0,0,0,0,0,0,0,1,0,1,0,8,0,9,0,6,0,7]} 1. e4 c5 2. Nf3 Nc6 3. d4 cxd4 4. Nxd4 e6 5. Nc3 Qc7 6. g3 a6 7. Bg2 Nf6 8. O-O h5 {B47: Sicilian: Taimanov: 5 Nc3 Qc7 6 f4, 6 g3 and 6 Be2} 9. Re1 Nxd4 10. Qxd4 Bc5 11. Bf4 d6 $1 {LiveBook: 14 Games} ({Much weaker is} 11... Bxd4 $6 12. Bxc7 Ng4 13. Re2 $16) ({Of course not} 11... Qb6 $6 12. Qd2 $16) 12. Qd2 {aiming for e5.} Ng4 13. Nd1 {Strongly threatening b4.} Ne5 $146 (13... e5 $142 14. Be3 Nxe3 15. Nxe3 Be6) (13... a5 14. a3 Bd7 15. Rc1 a4 16. b4 {½-½ (31) Lu,S (2562)-Yu,Y (2675) China 2013}) 14. Be3 h4 15. Bxc5 Qxc5 16. Ne3 hxg3 17. hxg3 b5 18. Rad1 Ke7 $2 {[#]} (18... Ra7 $14) 19. c3 $2 (19. Nf5+ $1 $18 {[%mdl 512]} Kf6 (19... exf5 20. exf5) 20. Qxd6 (20. Nxd6 Kg6 21. Qe3 Qxe3 22. Rxe3 Nc4 $18) 20... Qxd6 21. Nxd6) 19... Bb7 $11 20. Qd4 Rac8 {The position is equal.} 21. f4 Qxd4 22. Rxd4 Nc6 $1 {[%cal Rc6d4]} 23. Rd2 Na5 24. Red1 Rhd8 25. Kf2 g6 26. Rd4 Nc6 27. R4d2 Na5 28. Rd4 Nc6 29. R4d2 Na5 1/2-1/2